000
00331 a2200109 4500
001
ART_13850
005
20260410161911.0
008
260409a
245
1
0
_a
Relative deprivation and economic welfare
100
1
_a
Yitzhaki, Shlomo
773
0
_t
European economic review
_g
- Vol. 17, NÂș 1 (ene. 1982)
_w
REV13346
999
_c
26837
_d
26837